000 00411nam a22001577a 4500
005 20240110151127.0
008 190528b xxu||||| |||| 00| 0 eng d
020 _aN 1241
041 _aeng
100 _aKASTURE, DR. P.V. GOKHALE,S.B.,PARAKH,S.R.,AND HASAN ,S.A
_98368
245 _aPRACTICAL PHARMACEUTICS- I
250 _a25th, 2019
260 _aPUNE
_bNIRALI PRAKASHAN
300 _aB.1 p,
942 _cBK
999 _c5888
_d5886